000 01052nam0a2200313 4500
001 RU\NLR\bibl\105272
005 20260406151928.0
010 _a5-93220-032-4
_910000
021 _aRU
_b2000-16410
_9791
035 _a(NLR Aleph) 000103005
090 _a582296
_c582296
100 _a20000825d2000 |||y0rusy50 ca
101 0 _arus
102 _aRU
105 _ay |||||||||
200 1 _aКартофель
_fОктябрина Ганичкина
210 _aМ.
_cСлав. дом кн.
_d2000
215 _a29,[2] с.
_d20
225 1 _aДорогим огородникам
300 _aНа обороте тит. л. авт.: Ганичкина - к.с.-х.н.
606 0 _aКартофель
_9974472
_3RU\NLR\auth\66366015
686 _aП215.1
700 1 _4070
_8rus
_7ca
_aГаничкина
_bО. А.
_gОктябрина Алексеевна
_3RU\NLR\auth\775617
_9115580
801 0 _aRU
_bNLR
_c20000825
_gPSBO
801 1 _aRU
_bNLR
_c20000825
852 _aNLR
_j2000-4/4270
942 _cBOOK
980 _aNB